A manual for writers of term papers, theses, and dissertations

Newly revised to conform with the Chicago Manual of Style, Turabian's Manual for Writers provides comprehensive, detailed, superior guidance to writers of research papers. From "Parts of the Paper" (including the niceties of copyrights and dedications) to "Sample Layouts," e...

Cijeli opis

Spremljeno u:
Bibliografski detalji
Glavni autor: Turabian, Kate L.
Format: Knjiga
Jezik:Undetermined
Izdano: Chicago University of Chicago Press 1973
Teme:
Oznake: Dodaj oznaku
Bez oznaka, Budi prvi tko označuje ovaj zapis!
Thư viện lưu trữ: Trung tâm Học liệu Trường Đại học Cần Thơ
LEADER 01399nam a2200193Ia 4500
001 CTU_186490
008 210402s9999 xx 000 0 und d
082 |a 808.02 
082 |b T929 
100 |a Turabian, Kate L. 
245 2 |a A manual for writers of term papers, theses, and dissertations 
245 0 |c Kate L. Turabian 
260 |a Chicago 
260 |b University of Chicago Press 
260 |c 1973 
520 |a Newly revised to conform with the Chicago Manual of Style, Turabian's Manual for Writers provides comprehensive, detailed, superior guidance to writers of research papers. From "Parts of the Paper" (including the niceties of copyrights and dedications) to "Sample Layouts," everything to do with format is covered. Mechanics of style (abbreviations to quotations) are reviewed, there's help on tables and illustrations, and chapters on bibliographies, parenthetical references, note taking, and citations. There are suggestions for manuscript preparation, hints on word-processing software, and formatting for research papers' more complex features. When you're up to your eyebrows in research data, it's a vast relief to have quick, accessible, reliable answers to your questions of structure, scholarly propriety, and academic style. 
650 |a Academic writing,Văn bản học thuật 
904 |i Giang 
980 |a Trung tâm Học liệu Trường Đại học Cần Thơ